000 01811nam a2200253Ia 4500
008 260220t1964||||xx |||||||||||||| ||spa||
040 _aPY-SlUNAC
_bspa
_erda
041 _aspa
082 _a591.5
_bC326h
100 _aCarthy, J. D.
_eAutor
245 0 _aHistoria natural de la agresión /
_cpor J. D. Carthy [Autor] y E. J. Ebling [Autor]
264 _aCiudad de México :
_bSiglo XXI,
_c℗1964.
300 _a1 volumen
520 _aEn "Historia natural de la agresión", J. D. Carthy explora las raíces biológicas y sociales de la agresividad en diversas especies, incluyendo al ser humano. A lo largo de su obra, Carthy analiza cómo la agresión ha evolucionado como una respuesta adaptativa, destacando su función en la supervivencia y la competencia por recursos. Utilizando una perspectiva interdisciplinaria, combina conocimientos de la biología, la psicología y la antropología para ofrecer un marco integral que explica la agresión en contextos tanto naturales como culturales. Además, el autor examina los factores que influyen en el comportamiento agresivo, como la genética, el entorno social y las experiencias individuales. Carthy también aborda las implicaciones éticas y sociales de la agresión, sugiriendo que comprender su historia natural puede ser clave para abordar problemas contemporáneos relacionados con la violencia. En definitiva, este libro se presenta como un estudio fundamental para entender las complejidades de la agresión en el ser humano y otras especies.
653 _aAgresión
653 _aComportamiento
653 _aPsicología social
700 _aEbling, E. J.
_eAutor
942 _b2026/02/17
_cBK
999 _c8339
_d8339